[Event "Belgrade-chT"]
[Site "Belgrade"]
[Date "2016.10.11"]
[Round "4.3"]
[White "Brankovic, Vladislav"]
[Black "Srdic, Danilo"]
[Result "1/2-1/2"]
[WhiteElo "2123"]
[BlackElo "2132"]
[PlyCount "67"]
[EventDate "2016.10.08"]
[EventType "team-tourn"]
[EventRounds "13"]
[EventCountry "SRB"]
[SourceTitle "EXT 2017"]
[Source "ChessBase"]
[SourceDate "2016.10.25"]
[SourceVersion "1"]
[SourceVersionDate "2016.10.25"]
[SourceQuality "1"]
[WhiteTeam "Delfin"]
[BlackTeam "Mirijevo"]
[WhiteTeamCountry "SRB"]
[BlackTeamCountry "SRB"]

1. e4 e5 2. Nf3 Nc6 3. Nc3 Nf6 4. Bb5 Nd4 5. Ba4 Nxf3+ 6. Qxf3 c6 7. 0-0 d6 8. h3 b5 9. Bb3 Be7 10. d3 0-0 11. Qe2 a5 12. a4 b4 13. Nd1 Be6 14. Bxe6 fxe6 15. f4 exf4 16. Bxf4 e5 17. Bg5 Qb6+ 18. Qe3 Qc7 19. Bxf6 Rxf6 20. Rxf6 Bxf6 21. Nf2 h6 22. Rf1 Bg5 23. Qe2 Qb6 24. Kh2 Rf8 25. Ng4 Rxf1 26. Qxf1 h5 27. Qf2 Qc7 28. Ne3 Qa7 29. Nd1 Qe7 30. Qf5 Qf6 31. Qxf6 gxf6 32. Kg3 Kf7 33. h4 Bd2 34. Kf3 1/2-1/2

[Event "Belgrade-chT"]
[Site "Belgrade"]
[Date "2015.09.21"]
[Round "1.4"]
[White "Jovanovic, Sasa T"]
[Black "Srdic, Danilo"]
[Result "1-0"]
[WhiteElo "2242"]
[BlackElo "2174"]
[PlyCount "73"]
[EventDate "2015.09.21"]
[EventType "team-tourn"]
[EventRounds "9"]
[EventCountry "SRB"]
[SourceTitle "CBM 168 Extra"]
[Source "ChessBase"]
[SourceDate "2015.10.29"]
[SourceVersion "1"]
[SourceVersionDate "2015.10.29"]
[SourceQuality "1"]
[WhiteTeam "Belgrade"]
[BlackTeam "Mirijevo"]
[WhiteTeamCountry "SRB"]
[BlackTeamCountry "SRB"]

1. d4 Nf6 2. c4 e6 3. Nc3 d5 4. Bg5 c6 5. e3 Nbd7 6. cxd5 exd5 7. Bd3 Be7 8. Qc2 0-0 9. Nf3 Re8 10. h3 Nf8 11. Bf4 Bd6 12. Bxd6 Qxd6 13. 0-0-0 b5 14. Kb1 Be6 15. Ne5 N6d7 16. Nxd7 Qxd7 17. g4 Rac8 18. Rhg1 a6 19. f4 c5 20. f5 cxd4 21. fxe6 fxe6 22. exd4 b4 23. Bxa6 bxc3 24. Bxc8 Rxc8 25. b3 Qd6 26. Rd3 Qb4 27. Rc1 Rc4 28. Rxc3 Rxd4 29. Rf1 Rf4 30. Rxf4 Qxf4 31. Qe2 h6 32. Rf3 Qd6 33. a4 e5 34. Qb5 e4 35. Rf5 d4 36. Qd5+ Qxd5 37. Rxd5 1-0

[Event "Belgrade-chT"]
[Site "Belgrade"]
[Date "2014.10.04"]
[Round "1"]
[White "Dikic, Veljko"]
[Black "Srdic, Danilo"]
[Result "0-1"]
[WhiteElo "1980"]
[BlackElo "2169"]
[PlyCount "102"]
[EventDate "2014.10.04"]
[EventType "team-tourn"]
[EventRounds "13"]
[EventCountry "SRB"]
[SourceTitle "EXT 2015"]
[Source "ChessBase"]
[SourceDate "2014.11.20"]
[SourceVersion "1"]
[SourceVersionDate "2014.11.20"]
[SourceQuality "1"]

1. e4 c5 2. Nc3 Nc6 3. Bb5 d6 4. Bxc6+ bxc6 5. d3 e5 6. f4 Be7 7. fxe5 dxe5 8. Nf3 Qc7 9. 0-0 Nf6 10. b3 0-0 11. Ba3 Ng4 12. Qd2 Rb8 13. Na4 Rb5 14. h3 Nf6 15. Qf2 Nd7 16. g4 Nb6 17. Nc3 Ra5 18. Bc1 Be6 19. Bd2 Ra3 20. Ne2 Nd7 21. Ng3 Qd6 22. Nf5 Bxf5 23. gxf5 Ra6 24. Nh2 Kh8 25. Kh1 Rb6 26. Ng4 Rb7 27. Rg1 Rbb8 28. Raf1 f6 29. h4 Rg8 30. h5 Rbf8 31. Ne3 Bd8 32. Ng2 Re8 33. Nh4 h6 34. Rg3 Bb6 35. Be3 Kh7 36. Rfg1 Qe7 37. Rg6 c4 38. dxc4 Bxe3 39. Qxe3 c5 40. Nf3 Rc8 41. Nh2 Qf8 42. Ng4 Rh8 43. Qg3 Rg8 44. Qh4 Rh8 45. Ne3 Rg8 46. Nd5 Qf7 47. Rb1 Rb8 48. Rgg1 Rgc8 49. Qg4 Nf8 50. Qg6+ Qxg6 51. hxg6+ Kh8 0-1

[Event "Belgrade-chT Quality"]
[Site "Belgrade"]
[Date "2011.10.16"]
[Round "2"]
[White "Dakic, Dejan"]
[Black "Srdic, Danilo"]
[Result "0-1"]
[WhiteElo "2090"]
[BlackElo "2184"]
[PlyCount "66"]
[EventDate "2011.10.15"]
[EventType "team-swiss"]
[EventRounds "11"]
[EventCountry "SRB"]
[SourceTitle "EXT 2012"]
[Source "ChessBase"]
[SourceDate "2011.11.24"]
[SourceVersion "1"]
[SourceVersionDate "2011.11.24"]
[SourceQuality "1"]

1. e4 c5 2. Nf3 d6 3. d4 cxd4 4. Nxd4 Nf6 5. Nc3 a6 6. Rg1 e6 7. Be3 b5 8. Qf3 Bb7 9. Bd3 Nbd7 10. 0-0-0 b4 11. Nce2 d5 12. Qg3 dxe4 13. Bc4 Rc8 14. Bxe6 fxe6 15. Nxe6 Qa5 16. Rxd7 Nxd7 17. Nxg7+ Bxg7 18. Qxg7 Qe5 19. Qxe5+ Nxe5 20. Bd4 Rf8 21. Bxe5 Rxf2 22. Kd2 a5 23. Ke3 Rf5 24. Bg3 Rd5 25. Nd4 Rc4 26. c3 bxc3 27. bxc3 Rxc3+ 28. Kxe4 Rd7+ 29. Ke5 Re3+ 30. Kf5 Rxd4 31. Bf2 Rd5+ 32. Kf4 Re7 33. Kf3 Rd2+ 0-1

[Event "SRB-chT quality"]
[Site "Belgrade"]
[Date "2010.10.27"]
[Round "7"]
[White "Srdic, Danilo"]
[Black "Pucarevic, Milenko"]
[Result "1/2-1/2"]
[WhiteElo "2193"]
[BlackElo "2268"]
[PlyCount "21"]
[EventDate "2010.10.09"]
[EventType "team-tourn"]
[EventRounds "11"]
[EventCountry "YUG"]
[SourceTitle "EXT 2011"]
[Source "ChessBase"]
[SourceDate "2010.11.26"]
[SourceVersion "1"]
[SourceVersionDate "2010.11.26"]
[SourceQuality "1"]

1. e4 c5 2. Nf3 e6 3. d4 cxd4 4. Nxd4 a6 5. c4 Nf6 6. Nc3 d6 7. Be2 Be7 8. 0-0 Qc7 9. Be3 Nc6 10. Rc1 Nxd4 11. Bxd4 1/2-1/2

[Event "Belgrade-chT Quality"]
[Site "Belgrade"]
[Date "2009.11.02"]
[Round "10"]
[White "Starcevic, Goran"]
[Black "Srdic, Danilo"]
[Result "1/2-1/2"]
[WhiteElo "2215"]
[BlackElo "2227"]
[PlyCount "31"]
[EventDate "2009.10.11"]
[EventType "team-tourn"]
[EventRounds "11"]
[EventCountry "YUG"]
[SourceTitle "CBM 133 Extra"]
[Source "ChessBase"]
[SourceDate "2010.01.05"]
[SourceVersion "1"]
[SourceVersionDate "2010.01.05"]
[SourceQuality "1"]

1. d4 Nf6 2. Nf3 e6 3. e3 c5 4. c3 b6 5. Nbd2 Bb7 6. Bd3 Nc6 7. 0-0 Qc7 8. Re1 d5 9. h3 Be7 10. dxc5 bxc5 11. e4 0-0 12. e5 Nd7 13. Qe2 Rae8 14. Nf1 f5 15. Bf4 c4 16. Bc2 1/2-1/2

[Event "Belgrade-chT Quality"]
[Site "Belgrade"]
[Date "2009.10.28"]
[Round "6"]
[White "Srdic, Danilo"]
[Black "Petrovic, Petar"]
[Result "1/2-1/2"]
[WhiteElo "2227"]
[BlackElo "2133"]
[PlyCount "32"]
[EventDate "2009.10.11"]
[EventType "team-tourn"]
[EventRounds "11"]
[EventCountry "YUG"]
[SourceTitle "CBM 133 Extra"]
[Source "ChessBase"]
[SourceDate "2010.01.05"]
[SourceVersion "1"]
[SourceVersionDate "2010.01.05"]
[SourceQuality "1"]

1. d4 d5 2. c4 c6 3. Nf3 Nf6 4. Nc3 e6 5. Bg5 Be7 6. e3 Nbd7 7. Rc1 0-0 8. Bd3 Re8 9. 0-0 Nf8 10. Ne5 N6d7 11. Bxe7 Qxe7 12. Nxd7 Bxd7 13. a3 Rad8 14. cxd5 exd5 15. b4 b6 16. Re1 f5 1/2-1/2